• 首页
  • 本馆介绍
  • 公告通知
  • 最新文献
  • 馆藏检索
  • 电子资源
  • 读者导购
  • 参考咨询
  • 我的图书馆
  • 登录
  • 详细信息显示
  • 放入我的书架
  • 预约/预借图书
  • 作者相关作品
  • 分类相关作品
  • 丛书相关作品
  • 出版社相关作品

书目信息

  • 表格格式
  • 工作单格式
  • 卡片格式
题名:
希特勒的志愿行刑者
    
 
作者: 戈德哈根 著 ;贾宗谊 译
分册:  
出版信息: 北京   新华出版社  1998.04
页数: 263页
开本: 21cm
丛书名:
单 册:
中图分类: K516.44
科图分类:
主题词: 东欧--历史 , 德国--现代史--1933~1945
电子资源:
ISBN: 7-5011-3969-5
000 00687nam0 2200217 45
001 0112251490
005 20041202082319.0
010    @a7-5011-3969-5@dCNY20.00
100    @a20011225d1998 km y0chiy0120 ea
101 0  @achi
105    @a z 000yy
200 1  @a希特勒的志愿行刑者@AXi Te Le De Zhi Yuan Xing Xing Zhe@f(美)丹尼尔·乔纳·戈德哈根著@F(Mei)Dan Ni Er·Qiao Na·Ge De Ha Gen Zhu@g贾宗谊译
210    @a北京@c新华出版社@d1998.04
215    @a263页@d21cm
606 0  @a东欧@x历史
606 0  @a德国@x现代史@x1933~1945
690    @aK516.44@v4
701    @a戈德哈根@4著
702  0 @a贾宗谊@AJia Zong Yi@4译
801    @aCN@bTSTC@c20011225
905    @f2@b302295-296@dK516.44@e16
    
    希特勒的志愿行刑者/(美)丹尼尔·乔纳·戈德哈根著/贾宗谊译.-北京:新华出版社,1998.04
    263页;21cm
    
    
    ISBN 7-5011-3969-5:CNY20.00
    
●
相关链接 在E读中查询图书 在五车中查询图书 在当当中查询图书 在豆瓣中查询图书


正题名:希特勒的志愿行刑者     索取号:K516.44/16         预约/预借

序号 登录号 条形码 馆藏地/架位号 状态 备注
1 0302295   203022950   第二借阅区/ [索取号:K516.44/16] 在馆    
2 0302296   203022969   第二样本阅览室/ [索取号:K516.44/16] 在馆    
唐山师范学院图书馆 欢迎您!
大连网信软件有限公司© 版权所有